1897 1869 1659 1604 1216 1856 1548 1198 1226 1358 1853 1752 1586 1270 1711 1553 1336 1093 1742 1365 1703 1343 1531 1970 1000 1053 1324 1917 1819 1613 1227 1135 1587 1558 1927 1287 1145 1880 1172 1432 1177 1026 1291 1412 1129 1638 1191 1919 1001 1107 1401 1556 1025 1222 1286 1371 1139 1966 1340 1540 1403 1825 1950 1373 1221 1879 1875 1168 1871 1098 1044 1620 1867 1615 1964 1677 1332 1961 1245 1233 1813 1088 1547 1589 1648 1574 1156 1877 1781 1230 1647 1109 1409 1261 1403 1120 1606 1905 1467 BCNSPRNW ULIB Ver.6.0+V

เปลี่ยนเป็นภาษาไทย

Change to English
 แสดงรายละเอียดบรรณานุกรม
  กลับหน้าหลัก

Brief Record : Get Marc (ISO 2709) : E-mail record : QR code < ปิดหน้าต่าง
LEADER : 00000nam 2200000uu 4500
001    13399112052
003     ULIB
008    110725s2552||||th 000 0 tha d
020    9786117070235 (ล.3)
050  4 H62^bส786ว ล.3 2552
100 0  สุธีระ ประเสริฐสรรพ์
245 10 วิจัย--เรื่องใกล้ตัว 3 /^cสุธีระ ประเสริฐสรรพ์
246 30 วิจัย...เรื่องใกล้ตัว 3
250    พิมพ์ครั้งที่ 1
260    กรุงเทพฯ :^bสำนักงานกองทุนสนับสนุนการวิจัย (สกว.),^c2552
300    5 เล่ม :^bภาพประกอบ ;^c24 ซม.
650  7 การวิจัย
650  7 การศึกษา
650  7 การเรียนรู้
710 2  สำนักงานกองทุนสนับสนุนการวิจัย
740 0  วิจัยใน...ความคิด : เล่มที่ 1
740 0  หลักคิด...การวิจัย : เล่มที่ 2
740 0  วิจัย...เรื่องใกล้ตัว : เล่มที่ 3
740 0  เรียนรู้คู่วิจัย : เล่มที่ 4
740 0  วิจัยใน...จินตนาการ : เล่มที่ 5
945    ^p70^l0^i026433
945    ^p70^l0^i026434
995    ทศพร
999 ^a ทศพร
รายการนี้ยังไม่มีแท็ก
คุณยังไม่ได้ล็อกอิน คุณสามารถมีกิจกรรมร่วมกับเว็บไซต์ได้ แต่ต้องล็อกอินก่อน ::
  ล็อกอิน

รายการสื่อสารสนเทศ

ลำดับที่ ประเภท เลขเรียก/บาร์โค้ด สถานที่ สถานะ
- ไม่พบข้อมูล -

รายการใกล้เคียง
    ผู้แต่ง [สุธีระ ประเสริฐสรรพ์]

    หัวเรื่อง [การวิจัย]
    หัวเรื่อง [การศึกษา]
    หัวเรื่อง [การเรียนรู้]

BibComment


ยังไม่เคยถูกคอมเมนท์

คอมเมนท์ทรัพยากรรายการนี้
  คอมเมนท์: วิจัยเรื่องใกล้ตั..


 Copyright 2026. Bcnsprnw @Library